000 01775cam a2200385 4500500
005 20251228051821.0
041 _afre
042 _adc
100 1 0 _aFarinetti, Aude
_eauthor
245 0 0 _aChronique de droit de l’eau 2022
260 _c2022.
500 _a75
520 _aLe droit de l’eau s’est concentré sur l’année écoulée sur la gestion des risques de pénuries ou d’inondations associés aux changements climatiques, ainsi que sur la lutte contre les pollutions. L’agriculture et la réutilisation des eaux usées ont été l’objet d’une attention particulière, les outils de planification ont été renouvelés et la loi 3DS a été l’occasion d’assouplir le cadre institutionnel applicable.
520 _aThe water Law focused the past year on the risks management of shortages or flood linked to the climate change, and also on the fight against pollutions. The agriculture and the reuse of sewage were particularly studied, the planning tools have been renewed and the "3DS" Law enabled the institutional framework easing.
690 _afiscalité
690 _apénurie
690 _aplanification
690 _apolice de l’eau
690 _apollutions
690 _aresponsabilité
690 _aréutilisation
690 _arisques
690 _ausages
690 _aliability
690 _aplanning
690 _apollutions
690 _areutilization
690 _arisks
690 _ashortage
690 _atax
690 _ause
690 _awater policing
786 0 _nRevue juridique de l’environnement | Volume 47 | 4 | 2022-12-06 | p. 807-824 | 0397-0299
856 4 1 _uhttps://droit.cairn.info/revue-juridique-de-l-environnement-2022-4-page-807?lang=fr&redirect-ssocas=7080
999 _c1582400
_d1582400